| 000 | 01880nam a2200289 i 4500 | ||
|---|---|---|---|
| 003 | DO-SdBNP | ||
| 005 | 20240813111322.0 | ||
| 007 | ta | ||
| 008 | 240813b2011 dr a|||| |||| 00| 0 spa d | ||
| 020 | _a9789993449782 | ||
| 040 |
_aDO-SdBNP _bspa _cBNPHU _erda |
||
| 082 |
_222 _bR788 |
||
| 100 | 1 |
_aRosa, Víctor Ramón de la _975754 _eautor |
|
| 245 | 1 | 0 |
_aEfectos financieros del código de trabajo / _cVíctor Ramón de la Rosa |
| 250 | _a2a. edición | ||
| 264 | 1 |
_aSanto Domingo : _bGente, _c2011. |
|
| 300 |
_a119 páginas _bilustraciones _c22 cm. |
||
| 336 |
_2rdacontent _atexto _btxt |
||
| 337 |
_2rdamedia _asin mediación _bn |
||
| 338 |
_2rdacarrier _avolumen _bnc |
||
| 490 | 1 | _aContables-Administrativas | |
| 500 | _aIncluye datos biografícos del autor en la contraportada. | ||
| 505 |
_tPrólogo de la décima edición -- _tPrólogo de esta edición -- _tPresentación -- _tLa jornada de trabajo -- _tPago de horas extraordinarias -- _tTabla para determinar el salario diario promedio y el salario por horas -- _tComo calcular el factor divisor para determinar el salario promedio diario -- _tDías feriados -- _tEl Parque Nacional de Los Haitises -- _tDías feriados y descanso semanal -- _tVacaciones anuales -- _tSalario de navidad -- _tParticipación del trabajador en los beneficios de la empresa -- _tIndemnización del trabajador por terminación del contrato -- _tFormulario de liquidación de prestaciones laborales -- _tIlustración para calcular la cesantía tomando en cuenta que el trabajador ingresa después de entrar en vigencia el Código Laboral -- _tDe la terminación por despido del trabajador -- _tRelación cronológica de los artículos del Código de Trabajo analizados en este libro -- _tGlosario de términos -- _tAnexos: formulario de plantilla de personal fijo / |
||
| 590 | _aInventariado, 2024/ YL | ||
| 910 | _aYLockward | ||
| 942 |
_2ddc _cLBS1 |
||
| 999 |
_c57423 _d57423 |
||